F1 Team Principals 2025 - Statistics

General Stats
  • This quiz has been taken 23 times
  • The average score is 5 of 10
Answer Stats
Hint Answer % Correct
Mercedes Toto Wolff
100%
Redbull Laurent Mekies
65%
McLaren Andrea Stella
55%
Williams James Vowles
55%
Ferrari Frédéric Vasseur
45%
Haas Ayao Komatsu
35%
Sauber Jonathan Wheatley
35%
RB Alan Permane
30%
Alpine Flavio Briatore
30%
Aston Martin Andy Cowell
25%
No matching quizzes found
Score Distribution
Percent of People with Each Score
Percentile by Number Answered
Your Score History
You have not taken this quiz